|
|
|
|
| LEADER |
00000cam a22000004a 4500 |
| 001 |
musev2_1952 |
| 003 |
MdBmJHUP |
| 005 |
20230905040252.0 |
| 006 |
m o d |
| 007 |
cr||||||||nn|n |
| 008 |
100908s2011 iau o 00 0 eng d |
| 010 |
|
|
|z 2010037425
|
| 020 |
|
|
|a 9781587299858
|
| 020 |
|
|
|z 9781587299841
|
| 035 |
|
|
|a (OCoLC)711003861
|
| 040 |
|
|
|a MdBmJHUP
|c MdBmJHUP
|
| 043 |
|
|
|a n-usp--
|
| 050 |
0 |
4 |
|a F852.3
|b .L56 2011
|
| 082 |
0 |
|
|a 979.5
|2 22
|
| 100 |
1 |
|
|a Lindholdt, Paul J.
|
| 245 |
1 |
0 |
|a In Earshot of Water :
|b Notes from the Columbia Plateau /
|c by Paul Lindholdt.
|
| 264 |
|
1 |
|a Iowa City :
|b University of Iowa Press,
|c 2011.
|
| 264 |
|
3 |
|a Baltimore, Md. :
|b Project MUSE,
|c 2012
|
| 264 |
|
4 |
|c ©2011.
|
| 300 |
|
|
|a 1 online resource (160 pages).
|
| 336 |
|
|
|a text
|b txt
|2 rdacontent
|
| 337 |
|
|
|a computer
|b c
|2 rdamedia
|
| 338 |
|
|
|a online resource
|b cr
|2 rdacarrier
|
| 490 |
0 |
|
|a Sightline books
|
| 588 |
|
|
|a Description based on print version record.
|
| 600 |
1 |
0 |
|a Lindholdt, Paul J.
|x Travel
|z Northwest, Pacific.
|
| 651 |
|
0 |
|a Northwest, Pacific
|v Biography.
|
| 651 |
|
0 |
|a Northwest, Pacific
|x Description and travel.
|
| 650 |
|
0 |
|a Human ecology
|z Northwest, Pacific.
|
| 650 |
|
0 |
|a Natural history
|z Northwest, Pacific.
|
| 655 |
|
7 |
|a Electronic books.
|2 local
|
| 710 |
2 |
|
|a Project Muse.
|e distributor
|
| 830 |
|
0 |
|a Book collections on Project MUSE.
|
| 856 |
4 |
0 |
|z Texto completo
|u https://projectmuse.uam.elogim.com/book/1952/
|
| 945 |
|
|
|a Project MUSE - Custom Collection
|
| 945 |
|
|
|a Project MUSE - 2011 US Regional Studies, West
|
| 945 |
|
|
|a Project MUSE - 2011 Complete
|